Textbook of Water Power Engineering : (Record no. 36649)
[ view plain ]
| 000 -LEADER | |
|---|---|
| fixed length control field | 00587nam a2200181 4500 |
| 005 - DATE AND TIME OF LATEST TRANSACTION | |
| control field | 20241009084949.0 |
| 008 - FIXED-LENGTH DATA ELEMENTS--GENERAL INFORMATION | |
| fixed length control field | 241009b |||||||| |||| 00| 0 eng d |
| 020 ## - INTERNATIONAL STANDARD BOOK NUMBER | |
| ISBN | 978-81-219-2230-2 |
| 082 ## - DEWEY DECIMAL CLASSIFICATION NUMBER | |
| Item number | SHA-T |
| Classification number | 621.312 |
| 100 ## - MAIN ENTRY--AUTHOR | |
| Author Name | Sharma, R. K |
| 245 ## - TITLE STATEMENT | |
| Title | Textbook of Water Power Engineering : |
| Statement of responsibility, etc. | Sharma R. K, and Sharma,T. K |
| Remainder of title | including Dams Engineering, Hydrology and Fluid Power Engineering / |
| 260 ## - PUBLICATION, DISTRIBUTION, ETC. | |
| Place of Publication | India : |
| Name of publisher, distributor, etc. | Chand ; |
| Date of publication, distribution, etc. | 2016 . |
| 300 ## - PHYSICAL DESCRIPTION | |
| Pages | x, 480p. : |
| 500 ## - GENERAL NOTE | |
| General note | Include Index. |
| 650 ## - SUBJECT ADDED ENTRY--TOPICAL TERM | |
| Subject / Department | Civil / Engineering |
| 700 ## - ADDED ENTRY--PERSONAL NAME | |
| Personal name | Sharma, R. K |
| 300 ## - PHYSICAL DESCRIPTION | |
| -- | ill. ; |
| -- | 24cm . |
| 952 ## - LOCATION AND ITEM INFORMATION (KOHA) | |
| -- | 0 |
| -- | 0 |
| 952 ## - LOCATION AND ITEM INFORMATION (KOHA) | |
| -- | 0 |
| -- | 0 |
| Lost status | Damaged status | Collection code | Permanent Location | Current Location | Shelving Location | Date acquired | Full Call Number | Accession No./Barcode | Date last seen | Copy number | item type | Koha item type |
|---|---|---|---|---|---|---|---|---|---|---|---|---|
| Engineering | Superior Information Resource Center (SIRC) Superior University- Central Library | Superior Information Resource Center (SIRC) Superior University- Central Library | Civil | 10/07/2024 | 621.312 SHA-T 2016 | 29509 | 10/07/2024 | 1 | BOOK | BOOK | ||
| Engineering | Superior Information Resource Center (SIRC) Superior University- Central Library | Superior Information Resource Center (SIRC) Superior University- Central Library | Civil | 10/07/2024 | 621.312 SHA-T 2016 | 29510 | 10/07/2024 | 2 | BOOK | BOOK |
